| 000 | 00610cam a22002293a 4500 | ||
|---|---|---|---|
| 001 | 28109 | ||
| 003 | PGUSA | ||
| 005 | 20140828083616.0 | ||
| 008 | 090218s2009||||xxu|||||s|||||000 | eng d | ||
| 040 |
_aPGUSA _beng |
||
| 042 | _adc | ||
| 050 | 4 | _aTS | |
| 100 | 1 |
_aWheeler, Candace, _d1827-1923 |
|
| 245 | 1 | 0 |
_aHow to make rugs _h[electronic resource] / _cCandace Wheeler |
| 260 |
_bProject Gutenberg, _c2009 |
||
| 506 | _aPublic domain in the USA. | ||
| 516 | _aElectronic text | ||
| 653 | _aRugs | ||
| 830 | 0 |
_aProject Gutenberg _v28109 |
|
| 856 | 4 | 0 | _uhttp://www.gutenberg.org/ebooks/28109 |
| 942 | _cEB | ||
| 999 |
_c257364 _d257364 |
||